header

Livelihoods and landscapes (Record no. 22754)

MARC details
000 -LEADER
fixed length control field 02845nam a2200385 a 4500
082 04 - DEWEY DECIMAL CLASSIFICATION NUMBER
Classification number 338.1096875/5
245 00 - TITLE STATEMENT
Title Livelihoods and landscapes
260 ## - PUBLICATION, DISTRIBUTION, ETC. (IMPRINT)
Place of publication Leiden ;
-- Boston :
Name of publisher Brill,
Year of publication 2007.
300 ## - PHYSICAL DESCRIPTION
Number of Pages xiv, 394 p. :
Other physical details ill., maps.
490 1# - SERIES STATEMENT
Series statement Afrika-Studiecentrum series,
505 0# - FORMATTED CONTENTS NOTE
Formatted contents note Investigating rural livelihoods and landscapes in Guquka and Koloni : an introduction / Paul Hebinck -- Rural transformation in the eastern Cape / Paul Hebinck and Wim van Averbeke -- Agro-ecology, land use, and smallholder farming in the central eastern Cape / Wim van Averbeke and James Bennett -- A social history of Guquka and Koloni : settlement and resources / Paul Hebinck and Lothar Smith -- Natural resource base and agricultural potentials / Peter C. Lent -- Local governance and institutions / Wim van Averbeke and James Bennett -- The view from above : a history of land use in Guquka and Koloni, 1938-1996 / Peter C. Lent and Guilty Mupakati -- Production of crops in arable fields and home gardens / Paul Hebinck and Nomakaya Monde -- Livestock production and forage resources / James Bennett and Peter C. Lent -- Gathering from the land / Peter C. Lent -- Mobility and population dynamics / Lothar Smith and Paul Hebinck -- Contemporary livelihoods / Wim van Averbeke and Paul Hebinck -- Life histories and livelihood trajectories / Paul Hebinck ... [et al.] -- Livelihoods and landscapes : people, resources and land use / Paul Hebinck and Wim van Averbeke.
650 #0 - SUBJECT ADDED ENTRY--TOPICAL TERM
Topical Term Land use, Rural
Topical Term Rural development
Topical Term Agricultural laborers
Topical Term Natural resources
700 1# - ADDED ENTRY--PERSONAL NAME
Personal name Hebinck, Paulus Gerardus Maria,
Personal name Lent, Peter C.
856 40 - ELECTRONIC LOCATION AND ACCESS
Uniform Resource Identifier http://site.ebrary.com/lib/rucke/Doc?id=10270791

No items available.

© 2026 Rongo University
Contact us: librarian | system librarian | Rongo university